00483nam a2200157Ia 45000010006000000050017000060080041000230410008000640820016000721000037000882450147001252600009002723000028002816500008003096540008003172142020260306172918.0260306t2003||||xx |||||||||||||| ||spa|| aESP a344.83bZ28 aZamora Manzano, José LuiseAUT 0aPrecedentes romanos sobre el derecho ambiental:bla contaminación de aguas, canalización de las aguas fecales y la tala ilícita forestal c2003 a124 páginas :c24 cm. aGEN aCDE